000 004400000a22001810004500
003 MACL
005 20151216132130.0
008 151216b xxu||||| |||| 00| 0 eng d
040 _aMACL
_cMACL
041 _aEnglish
082 _a030
100 _aThani, Ekta
_920348
245 _aEncyclopaedic Dictionary of Physics
260 _bLakshay Publication
_c2003
350 _a700
650 _aEncyclopaedia
_920350
942 _cBK
_k030
_2ddc
999 _c40131
_d40131